Metodika analýzy dôsledkov prechodu vykazovania z US GAAP na IFRS
Výsledky parciálneho výskumu problematiky dôsledkov prechodu finančného vykazovania z US GAAP na IFRS v podmienkach konkrétnej nadnárodnej spoločnosti. Kľúčové hypotézy hlavného výskumu dôsledkov prechodu z US GAAP na IFRS.
Saved in:
| Main Author: | |
|---|---|
| Format: | Book Chapter |
| Language: | Slovak |
| Subjects: | |
| Tags: |
No Tags, Be the first to tag this record!
|
MARC
| LEADER | 00000naa a2200000 4500 | ||
|---|---|---|---|
| 001 | 0271225 | ||
| 005 | 20240502083822.1 | ||
| 041 | 0 | |a slo | |
| 044 | |a CZ | ||
| 245 | 1 | 0 | |a Metodika analýzy dôsledkov prechodu vykazovania z US GAAP na IFRS |c Alexandra Bagiová |
| 520 | |a Výsledky parciálneho výskumu problematiky dôsledkov prechodu finančného vykazovania z US GAAP na IFRS v podmienkach konkrétnej nadnárodnej spoločnosti. Kľúčové hypotézy hlavného výskumu dôsledkov prechodu z US GAAP na IFRS. | ||
| 610 | 2 | 0 | |a IFRS |
| 610 | 2 | 0 | |a výkazníctvo finančné |
| 610 | 2 | 0 | |a štandardy účtovné medzinárodné |
| 610 | 2 | 0 | |a harmonizácia |
| 100 | 1 | |a Bagiová, Alexandra, 1994- | |